LEADER 01485nam a2200301 u 4500 001 000000039013 003 CaOOAMICUS 005 20070226113936.0 008 980430s1987 it u000 u ita u 020 $a8813162111 035 $a10793207 040 $aPUL(R)$bita 100 1 $aFranchini, Claudio.$0(OLS)http://pul/name/29059 245 13$aLa disciplina giuridica del commercio con l'estero :$bprofili amministrativi e costituzionali /$cClaudio Franchini. 260 $aPadova :$bCEDAM,$c1987. 300 $a237 p. ;$c24 cm 490 1 $aPubblicazioni dell'Istituto di diritto pubblico della Facoltà di giurisprudenza / Università degli studi di Roma.$aSerie 3 ;$v56 500 $aInclude indici. 504 $aBibliografia in nota. 650 4$aDiritto commerciale.$0(OLS)http://pul/subject/1505 830 0$aPubblicazioni dell'Istituto di diritto pubblico della Facoltà di giurisprudenza (Università degli studi di Roma "La Sapienza").$nSerie 3 ;$v56.$0(OLS)http://pul/title/64625 850 $aPUL 852 $aPUL$W1$xSL Diritto e Scienze Sociali 1$y4$m175 I 34$j53092$nBK-PRI$b $qStampati$B53092$CPULBib$Z2$F53092 $H $81 941 1 $a8 961 $aINV: 59252 996 $6020$a8813162111$9(OLS)http://pul/number/48568 996 $6245$aLa disciplina giuridica del commercio con l'estero :$bprofili amministrativi e costituzionali$9(OLS)http://pul/title/52861 996 $6260$aPadova :$bCEDAM$9(OLS)http://pul/publisher/48126 LEADER 01133nam a2200265 u 4500 001 000000055299 003 CaOOAMICUS 005 20070226115753.0 008 010123s1988 it u000 u ita u 035 $a10866062 040 $aPUL (R)$bita 100 1 $aGaruti, Adriano,$cO.F.M.,$dn. 1938.$0(OLS)http://pul/name/6092 245 13$aIl patriarcato d'occidente nei dibattiti del Vaticano II /$cAdriano Garuti. 260 $aRoma :$bPontificium Athenaeum Antonianum,$c1988. 300 $aP. [485]-521 ;$c25 cm 500 $a"Extractum ex Antonianum 63". 504 $aBibliografia in nota. 611 24$aConcilium Vaticanum$n(2 :$d1962-1965).$0(OLS)http://pul/subject/71 850 $aPUL 852 $aPUL$W1$xDP1 Fondo Maccarrone$y58$m1520 F 96$j72743$nBK-PRI$b $qFondi$B72743$CPULBib$Z2$F72743 $H $81 941 1 $a1 960 $aConcilio Vaticano II (1962-1965)$971 961 $aINV: F, Maccarrone 996 $6245$aIl patriarcato d'occidente nei dibattiti del Vaticano II$9(OLS)http://pul/title/74068 996 $6260$aRoma :$bPontificium Athenaeum Antonianum$9(OLS)http://pul/publisher/58408